Jeesuksen opetuslapset - Statistics

Yleistilastot
  • Tätä visaa on pelattu 83 kertaa
  • Keskiarvotulos 5 / 12
Vastaustilastot
Hint Vastaus % Oikein
Petti Jeesuksen ja myi hänet juutalaisille Juudas
87%
Hänen isällä Sebedeuksella oli kalastusyritys, ei käytä evankeljumissa omaan nimeään vaan häntä kutsutaan "Sebedeuksen pojaksi" Johannes
83%
Alunperin nimeltään Simon, ammatiltaan kalastaja Pietari
79%
Asui Kapernaumissa, Toimi alun perin Rooman valtakunnan veronkerääjänä Matteus
72%
Syntyi Galilean Kaanaassa, häntä kutsuttiin Kiivailijaksi Luukkaan evankeliumissa Simon
38%
Hänen nimensä tarkoittaa arameaksi kaksosta, kuvataan usein taiteessa pohtivassa asennossa Tuomas
34%
Tätä ennen olevan veli, kotoisin Betsaidasta Andreas
25%
Nyljettiin ja ristiinnaulittiin Armeniassa, jonka takia kuvataan usein veitsen ja/tai ihmisen nahan kanssa Bartolomeus
17%
Kotoisin Betsaidasta, koki marttyyrikuoleman vuonna 80 Filippus
16%
Häntä kutsutaan Matteuksen evankeliumissa nimellä Lebbeus Taddeus
12%
Tätä ennen olevan nuorempi versio, syntyi Galileassa Jaakob nuorempi
4%
Toinen Sebedeuksen poika, tätä enne olevan veli. Hän oli kalastaja. Jaakob vanhempi
3%
Ehtoja vastaavia visoja ei löytynyt
Tulosjakauma
Jokaisen tuloksen saaneiden osuus
Persentiili vastausten määrän mukaan
Tuloshistoriasi
Et ole pelannut tätä visaa